000 00378 a2200157 4500
001 74901
020 _a97885089788508167524
040 _cAnchieta - Colégio São Paulo
100 _aDante, Luiz Roberto
240 1 0 _aProjeto Múltiplo Matemática
_lpor
245 1 0 _aProjeto Múltiplo Matemática
300 _a176
362 0 _a2014
650 4 _aMatemática
942 _cBK
999 _c74901
_d74901